000 00578nam a2200181Ia 4500
008 090630s9999 xx 000 0 und d
082 _b10457
100 _aकाशीकर एस. एम.
245 _aडबल प्रवास.
_cकाशीकर एस. एम.
260 _bराहुल.
_c1989
300 _a216
600 _aकाशीकर एस. एम.
630 _aडबल प्रवास.
655 _aकादंबरी.
700 _aकाशीकर एस. एम.
730 _aडबल प्रवास.
942 _cBOOK
999 _c262313
_d262313